000 00294nam a2200109Ia 4500
008 200302s9999 xx 000 0 und d
100 _aEbba Koch
245 _aMughal Architecture an Outline of its History and Development
260 _bPrestel Publishing Ltd.
260 _c1991
300 _a159 P.,
999 _c885
_d885